| 000 | 00952nam a22002657a 4500 | ||
|---|---|---|---|
| 001 | 2053 | ||
| 005 | 20250820091324.0 | ||
| 020 | _a9780590308571 | ||
| 040 |
_aFISKH _beng _cFISKH _dFISKH |
||
| 050 | _aPZ7.M4784115 | ||
| 082 | _a793.74 | ||
| 100 | _aMaccarone, Grace | ||
| 245 |
_aThree pigs, one wolf, and seven magic shapes / _cWITH TANGRAM CUTOUTS! A MATH READER! by Grace Maccarone Illustrated by David Meuhaus Math Activities by Marilyn Burns |
||
| 260 |
_aNew York : _bScholastic, _c1997 |
||
| 300 |
_a32 pages : _c23 cm |
||
| 505 | _aO | ||
| 520 | _aTells the story of three pigs who acquire some magic shapes, which they use for various purposes, some smart and some not so smart. Includes a section with related activities. | ||
| 521 |
_a630 _bLexile |
||
| 521 |
_aO _bRaz-Pluz |
||
| 650 | _2Math | ||
| 650 | _2Geometry | ||
| 700 |
_aNeuhaus, David _cIllustrator |
||
| 700 |
_aBurns, Marilyn _cMath Activities |
||
| 942 |
_2ddc _cBK _n0 |
||
| 999 |
_c2053 _d2053 |
||